Wszystkie miasta Polski na literę K - Statystyki

Ogólne statystyki
  • Ten quiz został rozwiązany 2 386 razy
    577 od ostatniego zresetowania
  • Średni wynik to 54 z 109
Statystyki odpowiedzi
Województwo Populacja Miasto % Poprawnych
małopolskie 779966 Kraków
97%
śląskie 290553 Katowice
95%
wielkopolskie 99106 Kalisz
93%
wielkopolskie 21247 Koło
93%
wielkopolskie 72539 Konin
91%
świętokrzyskie 193415 Kielce
90%
zachodniopomorskie 46198 Kołobrzeg
90%
zachodniopomorskie 106235 Koszalin
89%
opolskie 60021 Kędzierzyn-Koźle
85%
podkarpackie 45948 Krosno
84%
łódzkie 43332 Kutno
82%
warmińsko-mazurskie 26788 Kętrzyn
80%
pomorskie 38329 Kwidzyn
78%
lubelskie 33917 Kraśnik
77%
zachodniopomorskie 8677 Kamień Pomorski
74%
dolnośląskie 26421 Kłodzko
73%
lubelskie 18383 Krasnystaw
73%
świętokrzyskie 18878 Końskie
72%
pomorskie 14276 Kartuzy
71%
pomorskie 23778 Kościerzyna
71%
wielkopolskie 13889 Kępno
70%
wielkopolskie 9697 Kostrzyn
70%
opolskie 15962 Krapkowice
70%
wielkopolskie 28701 Krotoszyn
69%
opolskie 23254 Kluczbork
68%
wielkopolskie 23716 Kościan
67%
lubuskie 17704 Kostrzyn nad Odrą
66%
lubuskie 11155 Krosno Odrzańskie
65%
śląskie 12756 Kłobuck
64%
mazowieckie 16877 Kozienice
64%
pomorskie 1290 Krynica Morska
64%
dolnośląskie 18585 Kamienna Góra
63%
śląskie 37801 Knurów
63%
małopolskie 10456 Krynica-Zdrój
63%
dolnośląskie 9772 Kudowa-Zdrój
63%
podlaskie 10143 Kolno
62%
lubelskie 2534 Kazimierz Dolny
59%
wielkopolskie 6147 Krzyż Wielkopolski
56%
zachodniopomorskie 4363 Kalisz Pomorski
54%
dolnośląskie 4487 Karpacz
54%
małopolskie 18443 Kęty
54%
wielkopolskie 6355 Kłodawa
54%
łódzkie 12776 Koluszki
54%
dolnośląskie 10650 Kowary
54%
kujawsko-pomorskie 3468 Kowal
53%
dolnośląskie 7028 Kąty Wrocławskie
52%
łódzkie 18335 Konstantynów Łódzki
52%
małopolskie 4469 Kalwaria Zebrzydowska
51%
podkarpackie 8922 Kolbuszowa
51%
mazowieckie 16889 Konstancin-Jeziorna
51%
lubelskie 3238 Kock
50%
małopolskie 9969 Krzeszowice
50%
świętokrzyskie 5429 Kazimierza Wielka
49%
mazowieckie 25149 Kobyłka
49%
śląskie 2438 Koziegłowy
48%
wielkopolskie 8023 Kórnik
46%
śląskie 8548 Kalety
45%
małopolskie 775 Koszyce
43%
mazowieckie 9811 Karczew
41%
zachodniopomorskie 5862 Karlino
41%
kujawsko-pomorskie 11070 Koronowo
41%
śląskie 5846 Koniecpol
40%
podkarpackie 3131 Kańczuga
39%
kujawsko-pomorskie 4102 Kowalewo Pomorskie
39%
wielkopolskie 2718 Książ Wielkopolski
39%
wielkopolskie 2904 Kaczory
38%
podlaskie 2313 Krynki
38%
dolnośląskie 4467 Kamieniec Ząbkowicki
37%
lubelskie 1712 Kamionka
37%
podlaskie 2726 Knyszyn
36%
wielkopolskie 6437 Koźmin Wielkopolski
36%
lubelskie 3074 Krasnobród
36%
łódzkie 2703 Kamieńsk
35%
opolskie 5874 Kietrz
35%
kujawsko-pomorskie 9331 Kruszwica
35%
wielkopolskie 3222 Kobylin
34%
małopolskie 817 Książ Wielki
34%
świętokrzyskie 2883 Kunów
34%
lubelskie 2020 Końskowola
33%
mazowieckie 2862 Kałuszyn
32%
kujawsko-pomorskie 4515 Kcynia
31%
świętokrzyskie 1884 Klimontów
31%
podkarpackie 1427 Kołaczyce
31%
opolskie 1771 Korfantów
31%
wielkopolskie 1938 Koźminek
31%
pomorskie 3558 Kępice
30%
lubelskie 2617 Kurów
30%
śląskie 5230 Kuźnia Raciborska
30%
kujawsko-pomorskie 1994 Kikół
28%
pomorskie 4634 Kobylnica
27%
świętokrzyskie 2431 Koprzywnica
26%
warmińsko-mazurskie 4145 Korsze
26%
lubuskie 3774 Kargowa
25%
wielkopolskie 2605 Kłecko
25%
lubuskie 9337 Kożuchów
25%
śląskie 4361 Krzepice
25%
kujawsko-pomorskie 2335 Kamień Krajeński
24%
łódzkie 947 Kiernozia
24%
wielkopolskie 4338 Krobia
24%
łódzkie 4258 Krośniewice
24%
wielkopolskie 4097 Kleczew
23%
podlaskie 1216 Kleszczele
22%
wielkopolskie 3603 Krajenka
22%
opolskie 3296 Kolonowskie
21%
mazowieckie 2071 Kosów Lacki
20%
śląskie 2134 Krzanowice
20%
mazowieckie 403 Kazanów
19%
warmińsko-mazurskie 2081 Kisielice
18%
wielkopolskie 1721 Krzywiń
18%
Nie znaleziono quizów pasujących do podanych kryteriów
Rozkład punktacji
Procent ludzi z każdym wynikiem
Percentyl według liczby udzielonych odpowiedzi
Twoja historia wyników
Nie rozwiązałeś tego quizu od ostatniego zresetowania